Responses for show #8288 - Wednesday, November 25, 2020

Ryan Hemmel game 1.

Contestants

[<< previous game]

Antonette Hrycyk, an 8th grade humanities teacher from San Diego, California

Ryan Hemmel, a legal technology professional from Los Angeles, California

Henry Baer, a software engineer from Lafayette, California (whose 2-day cash winnings total $61,400)

[next game >>]

Jeopardy! Round responses

OH, HELLO SONGS
____ THE ____
PUT IT IN THE CABINET DEPARTMENT
HISTORIC WOMEN
ALL A "BOARD"
WHERE'S THIS TRAIN HEADED?
    $200 26
Adele

Antonette
    $200 1
pay the piper

Henry
    $200 11
(Antonette: What is the Mint?)

the Treasury (Department)

HenryAntonette
    $200 3
Golda Meir

Ryan
    $200 20
a board game

Henry
    $200 25
Vermont

Antonette
    $400 27
The Beatles

Henry
    $400 2
behind the curtain

Antonette
    $400 12
the Department of Justice

Ryan
    $1,000 4
Bloody Mary (Mary Tudor)

Ryan
    $400 19
particle board

Antonette
    $400 24
Toronto

Antonette
    $600 28
Simon & Garfunkel

Henry
    $600 8
(Henry: What is check the box?)

beat the clock

Henry
Triple Stumper
    $600 13
the Interior

Henry
    $600 5
Sojourner Truth

Ryan
    $600 18
Baby on Board

Antonette
    $600 23
Lewis & Clark

Ryan
    $800 29
Lionel Richie

Antonette
    $800 9
kick the can

Antonette
    $800 14
(Antonette: What is Health & Human Services?)

Agriculture

Antonette
Triple Stumper
    $800 6
Clara Barton

Antonette
    $800 17
(Antonette: What is Board of Transportation?)

Board of Trade

Antonette
Triple Stumper
    $800 22
Erie & Michigan

Henry
    $1000 30
Brooklyn

Antonette
    $1000 10
Damn the torpedoes

Ryan
    $1000 15
(Ryan: What is Labor?)

the Commerce Department

Ryan
Triple Stumper
    $1000 7
Nefertiti

Ryan
    $1000 16
Brown v. Board of Education

Ryan
    $1000 21
the Cascades

Henry

Scores at the first commercial break (after clue 15):

Henry Ryan Antonette
$400 $3,200 $1,000

Scores at the end of the Jeopardy! Round:

Henry Ryan Antonette
$3,400 $4,800 $3,800

Double Jeopardy! Round responses

À LA CARTOGRAPHY
AUTHORS
GLOBAL CHEERS!
THE AMERICAN LEAGUE
CHASE SCENES
A LETTER, THEN A WORD
    $400 29
a legend

Ryan
    $400 18
Shakespeare

Henry
    $400 28
Hebrew

Henry
    $400 11
recalls

Henry
    $400 9
James Bond

Henry
    $400 30
a T-bone

Henry
    $2,000 3
lines of latitude

Henry
    $800 14
Hans Christian Andersen

Triple Stumper
    $800 26
salud

Henry
    $800 8
(Antonette: What is the American Legion?)

the League of Women Voters

Antonette
Triple Stumper
    $800 15
Ryan Gosling

Henry
    $800 10
(Alex: Ancel Keys was the man's name.)

K-rations

Ryan
    $1200 2
contour

Triple Stumper
    $1200 13
(H.P.) Lovecraft

Ryan
    $1200 25
bottoms up

Triple Stumper
    $3,000 6
(Henry: What's the NAACP?)

the National Urban League

Henry
    $1200 27
The Dukes of Hazzard

Antonette
    $1200 4
JDate

Ryan
    $1600 1
(Henry: What is a periplus?)

charts

Henry
Triple Stumper
    $1600 5
Voltaire

Henry
    $1600 22
sláinte

Triple Stumper
    $1600 7
Copperheads

Ryan
    $1600 23
Steve McQueen

Triple Stumper
    $1600 16
(Antonette: What is a school of business?)

a B-school

Antonette
Triple Stumper
    $2000 24
air pressure

Henry
    $2000 19
(Ambrose) Bierce

Henry
    $2000 21
kampai

Triple Stumper
    $2000 12
La Leche League

Antonette
    $2000 20
Ronin

Triple Stumper
    $2000 17
O-rings

Ryan

Scores at the end of the Double Jeopardy! Round:

Henry Ryan Antonette
$10,000 $12,000 $4,600

[wagering suggestions for these scores]

Final Jeopardy! Round responses

SINGER/ACTRESSES
(Alex: In Moonstruck. Snap out of it!)
AntonetteWho is Madonna?
$4,599
HenryWho is Whitney Houston
$799
RyanWho is Cher?
$8,001
Cher

Final scores:

Henry Ryan Antonette
$9,201 $20,001 $1
2nd place: $2,000 New champion: $20,001 3rd place: $1,000

Game dynamics:

Coryat scores:

Henry Ryan Antonette
$11,800 $11,400 $4,600
19 R
(including 1 DD),
3 W
(including 1 DD)
14 R
(including 1 DD),
1 W
12 R,
5 W

Combined Coryat: $27,800

The J! Archive is created by fans, for fans. The Jeopardy! game show and all elements thereof, including but not limited to copyright and trademark thereto, are the property of Jeopardy Productions, Inc. and are protected under law. This website is not affiliated with, sponsored by, or operated by Jeopardy Productions, Inc. Join the discussion at JBoard.tv.